000 01396nam1a2200289 i 4500
001 RU\NLR\bibl\1117587
005 20260407101258.0
035 _a(NLR Aleph) 001104585
090 _a1199650
_c1199650
100 _a20070815g20069999u y0rusy50 ca
101 0 _arus
102 _aRU
105 _a||||z |||||
200 1 _aЛетняя учебно-производственная практика по ботанике
_eучебно-методическое пособие
_fМоск. гос. ун-т им. М.В. Ломоносова, Биол. фак., Каф. высш. растений
_gпод ред. проф. А.К. Тимонина
210 _aМосква
_cКафедра высших растений МГУ им. М.В. Ломоносова
_d2006
215 _d20
463 0 _10011096272
606 1 _aБотаника
_xПолевая практика
_92131846
_3RU\NLR\AUTH\661590127
686 _aЕ5я73-5
702 1 _4340
_7ca
_8rus
_aТимонин
_bА. К.
_cд-р биол. наук
_f1958-
_gАлександр Константинович
_9181422
_3RU\NLR\AUTH\770181473
712 0 2 _4570
_aМГУ им. М. В. Ломоносова
_bКафедра высших растений
_3RU\NLR\AUTH\8810055679
_9612004
801 0 _aRU
_bNLR
_c20070815
_gRCR
801 1 _aRU
_bNLR
_c20070815
852 _aNLR
_j2007-4/11643
942 _cBOOK